| 000 | 01054cam a2200325 i 4500 | ||
|---|---|---|---|
| 999 |
_c200446132 _d64344 |
||
| 001 | 200446132 | ||
| 003 | TR-AnTOB | ||
| 005 | 20230808155950.0 | ||
| 007 | ta | ||
| 008 | 070323s2000 tu ab b 000 0 tur d | ||
| 035 | _a(TR-AnTOB)200446132 | ||
| 040 |
_aBGZ _beng _erda _cBGZ _dTR-AnTOB |
||
| 041 | 0 | _atur | |
| 050 | 1 | 4 |
_aHF1416.6.T9 _bÇ35 2000 |
| 090 |
_aHF1416.6.T9 _bÇ35 2000 |
||
| 100 | 1 |
_aÇalış, Asım _eauthor _9134916 |
|
| 245 | 1 | 0 |
_aİnsan kaynakları politikalarının ihracat performansı üzerindeki etkileri / _cAsım Çalış. |
| 264 | 1 |
_aAnkara : _bİGEME, _c2000. |
|
| 300 |
_a113 pages : _billustrations, maps ; _c27 cm |
||
| 336 |
_atext _btxt _2rdacontent |
||
| 337 |
_aunmediated _bn _2rdamedia |
||
| 338 |
_avolume _bnc _2rdacarrier |
||
| 504 | _aBIB | ||
| 650 | 7 |
_aİhracat pazarlaması _2etuturkob _921363 |
|
| 650 | 7 |
_aİhracat pazarlaması _zTürkiye _2etuturkob _985403 |
|
| 710 | 2 |
_aİhracatı Geliştirme Etüd Merkezi (Turkey) _918691 |
|
| 942 |
_2lcc _cBK |
||